[Event "Petersburg Summer 2016"]
[Site "St Petersburg"]
[Date "2016.08.21"]
[Round "5.1"]
[White "Triapishko, Olexandr"]
[Black "Orlov, Oleg"]
[Result "1/2-1/2"]
[WhiteElo "2466"]
[BlackElo "2289"]
[PlyCount "120"]
[EventDate "2016.08.17"]
[EventType "swiss"]
[EventCountry "RUS"]

1. e4 c5 2. Nf3 e6 3. d4 cxd4 4. Nxd4 Qb6 5. Nc3 Bc5 6. Be3 Nc6 7. Na4 Qa5+ 8.
c3 Bxd4 9. Bxd4 Nxd4 10. Qxd4 e5 11. Qb4 Qxb4 12. cxb4 Nf6 13. Nc3 d6 14. O-O-O
Ke7 15. Bc4 Be6 16. Bxe6 fxe6 17. Kc2 Rad8 18. Rd3 d5 19. exd5 exd5 20. Re1 Kd6
21. a4 a6 22. Kb3 b6 23. f3 g5 24. b5 a5 25. Ne4+ Nxe4 26. fxe4 Ke6 27. Rc3
dxe4 28. Rxe4 Rd6 29. Rh3 h6 30. g4 Kd5 31. Rc4 Rhd8 32. Kc3 R8d7 33. b4 axb4+
34. Kxb4 e4 35. Re3 Re7 36. Kc3 Rf6 37. Rd4+ Kc5 38. Rc4+ Kd5 39. Rd4+ Kc5 40.
Rdxe4 Rxe4 41. Rxe4 Rf3+ 42. Kd2 Rh3 43. Ke2 Kd5 44. Re8 Rxh2+ 45. Ke3 Rh3+ 46.
Kf2 Ra3 47. Ra8 Ke4 48. Ra6 Kf4 49. Rxb6 Ra2+ 50. Ke1 Rxa4 51. Rxh6 Kxg4 52. b6
Rb4 53. Kd2 Kg3 54. Kc3 Rb1 55. Kc2 Rb5 56. Rd6 g4 57. Rd3+ Kf2 58. Rb3 Rxb3
59. Kxb3 g3 60. b7 g2 1/2-1/2

[Event "Petersburg Summer 2016"]
[Site "St Petersburg"]
[Date "2016.08.21"]
[Round "5.2"]
[White "Borisovsky, Dmitry"]
[Black "Lovkov, Roman"]
[Result "1/2-1/2"]
[WhiteElo "2298"]
[BlackElo "2451"]
[PlyCount "72"]
[EventDate "2016.08.17"]
[EventType "swiss"]
[EventCountry "RUS"]

1. e4 c6 2. Nc3 d5 3. d4 dxe4 4. Nxe4 Bf5 5. Ng3 Bg6 6. h4 h6 7. Nf3 Nd7 8. h5
Bh7 9. Bd3 Bxd3 10. Qxd3 e6 11. Bf4 Qa5+ 12. Bd2 Bb4 13. c3 Be7 14. c4 Qc7 15.
Bc3 Ngf6 16. O-O-O O-O 17. Kb1 Rad8 18. Ne4 Nxe4 19. Qxe4 Nf6 20. Qe2 Qf4 21.
Ne5 c5 22. dxc5 Bxc5 23. f3 Qg3 24. Rd3 Bb6 25. Be1 Qf4 26. Bd2 Qf5 27. g4 Qh7
28. Bc3 Rxd3 29. Qxd3 Rd8 30. Qxh7+ Nxh7 31. Kc2 Ng5 32. Rf1 f6 33. Nd3 Kf7 34.
a4 Bd4 35. a5 Bxc3 36. Kxc3 e5 1/2-1/2

[Event "Petersburg Summer 2016"]
[Site "St Petersburg"]
[Date "2016.08.21"]
[Round "5.3"]
[White "Usmanov, Vasily"]
[Black "Melnikov, Dmitry"]
[Result "1-0"]
[WhiteElo "2423"]
[BlackElo "2262"]
[PlyCount "51"]
[EventDate "2016.08.17"]
[EventType "swiss"]
[EventCountry "RUS"]

1. d4 d5 2. Nf3 e6 3. c4 c5 4. cxd5 exd5 5. Bg5 f6 6. Bd2 Nc6 7. Bc3 Bf5 8.
Nbd2 Qb6 9. e3 O-O-O 10. a4 a5 11. dxc5 Bxc5 12. Nb3 Bb4 13. Nfd4 Bd7 14. Bb5
Nge7 15. O-O Kb8 16. Qd2 Bxc3 17. Qxc3 Nb4 18. Nxa5 Qxa5 19. Nb3 Qb6 20. Qxb4
Bxb5 21. axb5 Nc6 22. Qa4 Ne5 23. Rfc1 Nc4 24. Nd4 Kc7 25. b3 Ra8 26. Qxa8 1-0

[Event "Petersburg Summer 2016"]
[Site "St Petersburg"]
[Date "2016.08.21"]
[Round "5.4"]
[White "Grigoriev, Semyon"]
[Black "Karasev, Vladimir I"]
[Result "1/2-1/2"]
[WhiteElo "2132"]
[BlackElo "2367"]
[PlyCount "91"]
[EventDate "2016.08.17"]
[EventType "swiss"]
[EventCountry "RUS"]

1. d4 Nf6 2. c4 e6 3. Nf3 c5 4. d5 b5 5. Bg5 bxc4 6. Nc3 h6 7. Bxf6 Qxf6 8. e4
Ba6 9. Qa4 exd5 10. Nxd5 Qxb2 11. Rd1 Bd6 12. Bxc4 Bxc4 13. Qxc4 Nc6 14. Ne3
Bf4 15. O-O Bxe3 16. fxe3 O-O 17. Rxd7 Rad8 18. Rfd1 Rxd7 19. Rxd7 Qa1+ 20. Kf2
Ne5 21. Nxe5 Qxe5 22. g3 Qf6+ 23. Kg2 Rb8 24. Rd2 Rb2 25. Rxb2 Qxb2+ 26. Kh3
Qe5 27. Kg2 Qe6 28. Qxc5 Qxa2+ 29. Kf3 a5 30. h4 a4 31. h5 Qe6 32. Qa5 Qf6+ 33.
Kg2 Qb2+ 34. Kh3 a3 35. Qc5 Qb7 36. Qxa3 Qxe4 37. Qc5 f5 38. Kh2 Kh7 39. Qf8
Qe6 40. Kg2 Qc6+ 41. Kh2 Qd5 42. Qe8 Qd2+ 43. Kh3 Qd6 44. Kh2 Qf6 45. Kg2 Qg5
46. e4 1/2-1/2

[Event "Petersburg Summer 2016"]
[Site "St Petersburg"]
[Date "2016.08.21"]
[Round "5.5"]
[White "Markevich, Ilya"]
[Black "Saveliev, Alexei"]
[Result "0-1"]
[WhiteElo "2195"]
[BlackElo "2339"]
[PlyCount "44"]
[EventDate "2016.08.17"]
[EventType "swiss"]
[EventCountry "RUS"]

1. e4 d6 2. d4 Nf6 3. Nc3 e5 4. Nf3 Nbd7 5. Bc4 Be7 6. O-O O-O 7. a4 c6 8. Re1
b6 9. Ba2 a6 10. h3 Bb7 11. Bg5 h6 12. Be3 b5 13. Nh4 b4 14. Nb1 exd4 15. Bxd4
c5 16. e5 Ne4 17. Ng6 cxd4 18. f3 Ng5 19. f4 Ne4 20. Nxf8 Nxf8 21. Qh5 g6 22.
Qxh6 dxe5 0-1

[Event "Petersburg Summer 2016"]
[Site "St Petersburg"]
[Date "2016.08.21"]
[Round "5.6"]
[White "Pershin, Denis"]
[Black "Sichinava, Zviad"]
[Result "1/2-1/2"]
[WhiteElo "2325"]
[BlackElo "2298"]
[PlyCount "120"]
[EventDate "2016.08.17"]
[EventType "swiss"]
[EventCountry "RUS"]

1. e4 e6 2. d4 d5 3. Nc3 Bb4 4. e5 c5 5. a3 Bxc3+ 6. bxc3 Ne7 7. Qg4 Ng6 8. h4
h5 9. Qd1 Qc7 10. Nf3 b6 11. Bb5+ Nc6 12. Bg5 cxd4 13. cxd4 Bd7 14. Be2 Na5 15.
O-O a6 16. Ne1 Bb5 17. Nd3 Bxd3 18. Bxd3 Ne7 19. Qe2 Nc4 20. Rfb1 Nc6 21. Bxc4
Nxd4 22. Qd2 Qxc4 23. Rb4 Ne2+ 24. Kh1 Qc3 25. Re1 a5 26. Rxb6 Qxd2 27. Bxd2
Nd4 28. c4 dxc4 29. Re4 Nb3 30. Rxc4 Nxd2 31. Rd4 O-O 32. Rxd2 Rfc8 33. Rd3 Rc4
34. g3 Rc5 35. Re3 Ra7 36. Kg2 Rd7 37. Ra6 Kh7 38. Ra8 Kg6 39. Rf8 Rb5 40. Re4
Rb3 41. a4 Rdb7 42. Rc8 R3b4 43. Rcc4 Rxc4 44. Rxc4 Rb4 45. Rxb4 axb4 46. a5 b3
47. a6 b2 48. a7 b1=Q 49. a8=Q Qe1 50. Qb8 Qe4+ 51. Kg1 Qd3 52. Qc7 Qd1+ 53.
Kg2 Qd5+ 54. Kg1 Qe4 55. Qb8 Qc2 56. Kg2 Qc6+ 57. Kg1 Kf5 58. Qf8 Kg6 59. Qd8
Qc1+ 60. Kg2 Qc6+ 1/2-1/2

[Event "Petersburg Summer 2016"]
[Site "St Petersburg"]
[Date "2016.08.21"]
[Round "5.7"]
[White "Pasiev, Rakhim"]
[Black "Fraiman, Dmitry"]
[Result "1/2-1/2"]
[WhiteElo "2407"]
[BlackElo "2241"]
[PlyCount "85"]
[EventDate "2016.08.17"]
[EventType "swiss"]
[EventCountry "RUS"]

1. e4 c5 2. Nf3 d6 3. d4 cxd4 4. Qxd4 Nc6 5. Bb5 a6 6. Bxc6+ bxc6 7. O-O e5 8.
Qd3 Qc7 9. c4 Be7 10. Nc3 Nf6 11. Rd1 O-O 12. Bg5 Rd8 13. h3 Be6 14. b3 h6 15.
Bh4 g5 16. Bg3 Nh5 17. Nh2 Kg7 18. Qf3 Nf6 19. Rd2 Qa7 20. Rc1 Rac8 21. Qd1 a5
22. Qe2 h5 23. h4 Nd7 24. Nf3 Bg4 25. Qe3 Qxe3 26. fxe3 f6 27. Na4 gxh4 28.
Bxh4 Kf7 29. Be1 Ra8 30. Nh4 Rdb8 31. Nf5 Ke6 32. c5 dxc5 33. Nxe7 Kxe7 34.
Nxc5 Nxc5 35. Rxc5 Ra6 36. Bh4 Rb5 37. Rc3 a4 38. Rf2 c5 39. bxa4 Rba5 40. Rb3
Kf7 41. Rb1 Rc6 42. Rbf1 Raa6 43. Rc1 1/2-1/2

[Event "Petersburg Summer 2016"]
[Site "St Petersburg"]
[Date "2016.08.21"]
[Round "5.8"]
[White "Pogosian, Vladimir"]
[Black "Kukhmazov, Arsen"]
[Result "0-1"]
[WhiteElo "2178"]
[BlackElo "2399"]
[PlyCount "94"]
[EventDate "2016.08.17"]
[EventType "swiss"]
[EventCountry "RUS"]

1. e4 c6 2. d4 d5 3. e5 Bf5 4. Nf3 e6 5. Nbd2 Nd7 6. Be2 h6 7. O-O Ne7 8. c3 g5
9. b4 Ng6 10. Nb3 Bg7 11. Ne1 Ne7 12. Nd3 Qc7 13. a4 f6 14. Bh5+ Kd8 15. f4 Kc8
16. Nbc5 b6 17. Na6 Qd8 18. b5 Kb7 19. Bf3 fxe5 20. fxe5 Rc8 21. c4 Nb8 22.
bxc6+ Nbxc6 23. cxd5 exd5 24. Ndb4 Be6 25. Qd3 Qd7 26. Be3 Na5 27. Qe2 g4 28.
Bxg4 Bxg4 29. Qd3 Bf5 30. Qe2 Rhf8 31. Rfc1 Ka8 32. Rxc8+ Rxc8 33. Qh5 Nc4 34.
Bf2 Bg6 35. Qe2 Be4 36. Nd3 Qf5 37. Nab4 a5 38. g4 Qh7 39. Nb2 axb4 40. Nxc4
Rxc4 41. a5 b5 42. Bh4 Ng6 43. Bg3 Qg8 44. a6 Ka7 45. Qa2 Qc8 46. Rf1 Rc1 47.
Be1 Qxg4+ 0-1

[Event "Petersburg Summer 2016"]
[Site "St Petersburg"]
[Date "2016.08.21"]
[Round "5.9"]
[White "Apryshko, Gleb"]
[Black "Khadzhiev, Valery"]
[Result "1-0"]
[WhiteElo "2335"]
[BlackElo "2174"]
[PlyCount "181"]
[EventDate "2016.08.17"]
[EventType "swiss"]
[EventCountry "RUS"]

1. e4 e6 2. d3 d5 3. Nd2 Nf6 4. Ngf3 Be7 5. g3 c5 6. Bg2 Nc6 7. O-O Qc7 8. Re1
dxe4 9. dxe4 e5 10. c3 O-O 11. Qe2 Be6 12. Nc4 h6 13. Nh4 Rfe8 14. Nf5 Bf8 15.
g4 Bxc4 16. Qxc4 Nxg4 17. Bf3 Nf6 18. Kh1 Kh7 19. b3 b6 20. Bd2 Rad8 21. Rad1
Na5 22. Qf1 g6 23. Qh3 Ng8 24. Ne3 Nf6 25. Bc1 Rxd1 26. Rxd1 Rd8 27. Rg1 Nc6
28. Qh4 Rd6 29. Be2 Ne7 30. Nc4 Rc6 31. a4 Neg8 32. Bf3 Qe7 33. Rd1 Rc7 34. Qg3
Rd7 35. Rxd7 Nxd7 36. Bg2 Ngf6 37. Qd3 Ng4 38. Kg1 Qh4 39. Qg3 Qxg3 40. hxg3
Kg7 41. Bh3 Ngf6 42. f4 Nb8 43. Bg2 Nc6 44. Kf2 Ng4+ 45. Ke2 Kf6 46. Bh3 h5 47.
Kf3 Nh2+ 48. Ke2 Ng4 49. Bd2 Ke6 50. Bg2 f6 51. Bf3 Nh2 52. Bg2 Ng4 53. Kd3 Bd6
54. f5+ gxf5 55. exf5+ Kd7 56. Ke2 Bf8 57. Bd5 Nd8 58. Bf3 Nc6 59. Kd3 Bd6 60.
Be1 Ne7 61. Bxg4 hxg4 62. Ne3 Nc8 63. Nxg4 Be7 64. Ne3 Nd6 65. g4 Kc6 66. c4
Bd8 67. Nd5 a6 68. Bh4 Ne8 69. Nc3 Nd6 70. Ke3 Kd7 71. Ne4 Nxe4 72. Kxe4 Kc6
73. Be1 Be7 74. a5 b5 75. cxb5+ Kxb5 76. Kd5 Bd8 77. Ke6 e4 78. Kd7 Bxa5 79. g5
fxg5 80. f6 Bxe1 81. f7 Kb4 82. f8=Q Bd2 83. Qb8+ Kc3 84. Qe5+ Kd3 85. Qd5+ Kc3
86. Qxc5+ Kd3 87. Qd5+ Ke3 88. Qxg5+ Ke2 89. Qg2+ Kd3 90. Qf1+ Ke3 91. Qxa6 1-0

[Event "Petersburg Summer 2016"]
[Site "St Petersburg"]
[Date "2016.08.21"]
[Round "5.10"]
[White "Manin, Viktor"]
[Black "Dilmukhametov, Artur"]
[Result "0-1"]
[WhiteElo "2159"]
[BlackElo "2333"]
[PlyCount "78"]
[EventDate "2016.08.17"]
[EventType "swiss"]
[EventCountry "RUS"]

1. Nf3 d5 2. d4 Nf6 3. g3 c6 4. Bg2 Bg4 5. O-O Nbd7 6. b3 e6 7. Bb2 Bd6 8. c4
Qe7 9. Nbd2 O-O 10. Re1 e5 11. dxe5 Nxe5 12. cxd5 Nxd5 13. Bxe5 Bxe5 14. Nxe5
Qxe5 15. Nc4 Qf6 16. h3 Nc3 17. Qd6 Nxe2+ 18. Kf1 Be6 19. Qe5 Qxe5 20. Nxe5 Nd4
21. Rad1 Rad8 22. Rd2 Nb5 23. Red1 Rxd2 24. Rxd2 Re8 25. Nd7 Nc7 26. Nc5 Bc8
27. Ne4 Kf8 28. h4 Ne6 29. b4 Ke7 30. Bh3 g6 31. Nd6 Rd8 32. Nxc8+ Rxc8 33. a4
c5 34. b5 c4 35. Bxe6 Kxe6 36. Ke2 Rc7 37. Rd4 Ke5 38. Ke3 c3 39. Re4+ Kf6 0-1

[Event "Petersburg Summer 2016"]
[Site "St Petersburg"]
[Date "2016.08.21"]
[Round "5.11"]
[White "Kuznetsov, Felix"]
[Black "Lesovoi, Evgenij"]
[Result "1/2-1/2"]
[WhiteElo "2150"]
[BlackElo "2295"]
[PlyCount "177"]
[EventDate "2016.08.17"]
[EventType "swiss"]
[EventCountry "RUS"]

1. f4 c5 2. Nf3 Nc6 3. g3 g6 4. Bg2 Bg7 5. O-O Nf6 6. d3 d5 7. Nc3 d4 8. Na4
Nd7 9. c4 Qc7 10. a3 O-O 11. Rb1 a5 12. e4 dxe3 13. Bxe3 Qd6 14. Nc3 Nd4 15.
Ne4 Qc7 16. b4 axb4 17. axb4 Nxf3+ 18. Qxf3 cxb4 19. Rxb4 Ra3 20. Bf2 Nb8 21.
Rfb1 Nc6 22. R4b3 Nd4 23. Bxd4 Bxd4+ 24. Kh1 Rxb3 25. Rxb3 Qa5 26. Qd1 Bg4 27.
Qc1 b6 28. Nc3 Rd8 29. Nd5 Rd7 30. h3 Bf5 31. g4 Be6 32. Rb5 Qa2 33. Nxb6 Ra7
34. f5 Bd7 35. Nxd7 Rxd7 36. fxg6 hxg6 37. c5 Qf2 38. c6 Ra7 39. Rb1 Be5 40.
Qg1 Qg3 41. d4 Bd6 42. Rf1 Ra3 43. Rc1 Bc7 44. d5 Bd6 45. Rf1 Rc3 46. Rd1 Re3
47. Bf1 Qe5 48. Bg2 Rg3 49. Re1 Qg5 50. Qf2 Qh4 51. Rf1 f6 52. Qc2 Kg7 53. c7
Rxh3+ 54. Bxh3 Qxh3+ 55. Kg1 Qxg4+ 56. Kh1 Qh3+ 57. Kg1 Qg3+ 58. Qg2 Bc5+ 59.
Kh1 Qxc7 60. Qf3 Qe5 61. Rd1 Bd6 62. Kg2 Qh2+ 63. Kf1 Qf4 64. Qxf4 Bxf4 65. Ke2
f5 66. Kf3 Be5 67. Rb1 g5 68. Rc1 Kf6 69. Rc8 g4+ 70. Ke3 Bd6 71. Kd4 Kg5 72.
Ke3 Kh4 73. Rf8 f4+ 74. Kf2 Bc5+ 75. Kg2 f3+ 76. Kf1 Kg5 77. Rf7 Kg6 78. Rf4
Kg5 79. Rf7 Bd6 80. Kf2 Kg6 81. Rf8 e5 82. Rd8 Bc5+ 83. Kg3 e4 84. d6 Kf7 85.
d7 Bd6+ 86. Kxg4 Ke7 87. Rf8 Kxd7 88. Rxf3 exf3 89. Kxf3 1/2-1/2

[Event "Petersburg Summer 2016"]
[Site "St Petersburg"]
[Date "2016.08.21"]
[Round "5.12"]
[White "Markelova, Lubov"]
[Black "Bazeev, German"]
[Result "1/2-1/2"]
[WhiteElo "2108"]
[BlackElo "2288"]
[PlyCount "107"]
[EventDate "2016.08.17"]
[EventType "swiss"]
[EventCountry "RUS"]

1. Nf3 Nf6 2. c4 e6 3. Nc3 Bb4 4. Qc2 O-O 5. a3 Bxc3 6. Qxc3 b6 7. b4 d6 8. Bb2
e5 9. e3 Bb7 10. Be2 Re8 11. O-O c5 12. d3 Nbd7 13. Nd2 d5 14. cxd5 Bxd5 15. b5
Nf8 16. Bf3 Ng6 17. Rfd1 Qd7 18. Bxd5 Nxd5 19. Qc4 Rad8 20. Ne4 h6 21. Nc3 Nxc3
22. Bxc3 Kh7 23. Rd2 f5 24. a4 Nh8 25. h3 Nf7 26. Rad1 Re6 27. Kf1 Rg6 28. f3
Re8 29. Qh4 Qd5 30. f4 Rge6 31. Qg3 g5 32. fxe5 Nxe5 33. Bxe5 Qxe5 34. Qxe5
Rxe5 35. d4 cxd4 36. exd4 Rd5 37. Rc1 Red8 38. Rc6 R8d6 39. Rc7+ Rd7 40. Rc6 f4
41. Kf2 Rxd4 42. Rxd4 Rxd4 43. Rc7+ Kg6 44. Rxa7 h5 45. Kf3 Kf5 46. Rf7+ Ke5
47. Re7+ Kf6 48. Re4 Rd3+ 49. Ke2 Ra3 50. Rc4 Kf5 51. Rc6 Rxa4 52. Rxb6 Rb4 53.
Rb8 Rb2+ 54. Kf1 1/2-1/2

[Event "Petersburg Summer 2016"]
[Site "St Petersburg"]
[Date "2016.08.21"]
[Round "5.13"]
[White "Artamonov, Valery"]
[Black "Grigoryeva, Olga A"]
[Result "1-0"]
[WhiteElo "2240"]
[BlackElo "2156"]
[PlyCount "127"]
[EventDate "2016.08.17"]
[EventType "swiss"]
[EventCountry "RUS"]

1. c4 e5 2. a3 g6 3. Nc3 Bg7 4. Nf3 Nc6 5. e3 d6 6. Be2 f5 7. d3 Nf6 8. Qc2 a5
9. Rb1 O-O 10. O-O h6 11. b4 axb4 12. axb4 g5 13. b5 Ne7 14. c5 g4 15. cxd6
cxd6 16. Nh4 Be6 17. g3 Qd7 18. Na4 Rfc8 19. Qd1 Qd8 20. Bd2 Ned5 21. f3 gxf3
22. Bxf3 e4 23. Bg2 Ng4 24. Nxf5 Ndxe3 25. Nxe3 Bd4 26. Bh3 Qg5 27. Rf4 Nxe3
28. Bxe6+ Kh8 29. Bxe3 Bxe3+ 30. Kh1 Bxf4 31. gxf4 Qxf4 32. Bxc8 Rxc8 33. Qf1
Qxf1+ 34. Rxf1 exd3 35. Rd1 Rc4 36. Nb2 Rb4 37. Nxd3 Rxb5 38. Nf4 Rb6 39. Nd5
Rb2 40. Rg1 Rf2 41. Rg6 Kh7 42. Rxd6 Rf7 43. Kg2 Kg7 44. Kg3 Kh7 45. Kg4 Rg7+
46. Kf5 Rf7+ 47. Nf6+ Kg7 48. Rb6 Re7 49. Rb2 Kf7 50. Nd5 Rd7 51. Ke5 Kg6 52.
Ke6 Rd8 53. Rxb7 Re8+ 54. Ne7+ Kg5 55. Rb4 Rf8 56. Nd5 Re8+ 57. Kf7 Re2 58. h4+
Kf5 59. Ne7+ Ke5 60. Ng6+ Kd6 61. Kg7 h5 62. Rb6+ Kd7 63. Kf6 Rg2 64. Rb5 1-0

[Event "Petersburg Summer 2016"]
[Site "St Petersburg"]
[Date "2016.08.21"]
[Round "5.14"]
[White "Turikov, Viktor"]
[Black "Azimov, Ilyas"]
[Result "0-1"]
[WhiteElo "2209"]
[BlackElo "2136"]
[PlyCount "114"]
[EventDate "2016.08.17"]
[EventType "swiss"]
[EventCountry "RUS"]

1. b4 d5 2. e3 e5 3. Bb2 Nd7 4. a3 Ngf6 5. c4 c6 6. Nf3 Bd6 7. d4 e4 8. Nfd2
O-O 9. Nc3 Qe7 10. h3 a6 11. Be2 b5 12. c5 Bc7 13. a4 Bb7 14. Nb3 h6 15. Qd2
Nh7 16. axb5 cxb5 17. Na5 Bxa5 18. Rxa5 Qg5 19. g3 Nb8 20. Ra1 Nc6 21. Bd1 Nxb4
22. Nxe4 dxe4 23. Qxb4 Nf6 24. Bb3 Nd5 25. Qd2 Rfb8 26. Bc2 b4 27. Bxe4 a5 28.
O-O a4 29. Bg2 a3 30. Bc1 Ne7 31. e4 Qxd2 32. Bxd2 b3 33. Bb4 Ba6 34. Bxa3 Bxf1
35. Bxf1 Nc6 36. d5 Nd4 37. c6 Nc2 38. c7 Rc8 39. d6 Nxa3 40. Rd1 b2 41. Ba6
Rxa6 42. d7 Raa8 43. d8=Q+ Rxd8 44. Rxd8+ Rxd8 45. cxd8=Q+ Kh7 46. Qd5 b1=Q+
47. Kg2 Qc2 48. h4 Qc4 49. Qf5+ Kg8 50. g4 Nb5 51. f3 Nd4 52. Qf4 Qe2+ 53. Kg3
Qe1+ 54. Kg2 Nc2 55. Qb8+ Kh7 56. Qc8 Ne3+ 57. Kh3 Qd2 0-1

[Event "Petersburg Summer 2016"]
[Site "St Petersburg"]
[Date "2016.08.21"]
[Round "5.15"]
[White "Zavgorodniaya, Alena"]
[Black "Kolomensky, Vladimir"]
[Result "0-1"]
[WhiteElo "1937"]
[BlackElo "2196"]
[PlyCount "92"]
[EventDate "2016.08.17"]
[EventType "swiss"]
[EventCountry "RUS"]

1. e4 c5 2. Nf3 e6 3. d4 cxd4 4. Nxd4 a6 5. Nc3 b5 6. Bd3 Qb6 7. Nf3 Nc6 8. O-O
Qb8 9. Re1 Bd6 10. Bg5 Nge7 11. Bh4 Ng6 12. Bg3 Nce5 13. Nxe5 Bxe5 14. Bxe5
Qxe5 15. a4 b4 16. Nd5 a5 17. Bb5 O-O 18. Nb6 Ra7 19. Nc4 Qg5 20. Re3 d5 21.
Rg3 Qd8 22. Qd4 Re7 23. Rd1 Bb7 24. exd5 exd5 25. f3 Qc7 26. Ne3 Qe5 27. Nxd5
Bxd5 28. Qxd5 Qxb2 29. Bd3 Nf4 30. Bxh7+ Kxh7 31. Qf5+ Kg8 32. Qxf4 Re2 33. h4
Rxc2 34. h5 b3 35. h6 g6 36. Kh2 Rc5 37. Rxg6+ fxg6 38. h7+ Kxh7 39. Qxf8 Qe5+
40. Kh1 Rc7 41. Qd8 b2 42. Qd3 Rc1 43. Qd7+ Kh6 44. Qd2+ Qg5 45. f4 Rxd1+ 46.
Qxd1 Qxf4 0-1

[Event "Petersburg Summer 2016"]
[Site "St Petersburg"]
[Date "2016.08.21"]
[Round "5.16"]
[White "Lagashin, Pavel"]
[Black "Vlasenko, Miroslav"]
[Result "0-1"]
[WhiteElo "2186"]
[BlackElo "2423"]
[PlyCount "88"]
[EventDate "2016.08.17"]
[EventType "swiss"]
[EventCountry "RUS"]

1. d4 f5 2. Nf3 Nf6 3. g3 e6 4. Bg2 Be7 5. O-O O-O 6. c4 Ne4 7. Nfd2 d5 8. Nxe4
fxe4 9. Nc3 c6 10. Qb3 Qb6 11. Be3 Bf6 12. Rad1 Na6 13. f3 exf3 14. exf3 dxc4
15. Qxc4 Qxb2 16. Ne4 Nc7 17. Rfe1 Nd5 18. Bc1 Qb4 19. Qd3 Be7 20. h4 Qb5 21.
Ng5 Qxd3 22. Rxd3 Bb4 23. Bd2 h6 24. Nxe6 Re8 25. Bh3 Kf7 26. Bxb4 Bxe6 27.
Bxe6+ Rxe6 28. Rb3 Rae8 29. Kf2 h5 30. Rxe6 Rxe6 31. Bd2 b6 32. Bg5 Kg6 33. Ra3
a5 34. Rb3 a4 35. Rb1 b5 36. Bd2 Kf7 37. g4 hxg4 38. fxg4 Re4 39. Rc1 Rxd4 40.
Bg5 Nb4 41. a3 Nd3+ 42. Ke3 Nxc1 43. Kxd4 Nb3+ 44. Ke5 b4 0-1

[Event "Petersburg Summer 2016"]
[Site "St Petersburg"]
[Date "2016.08.21"]
[Round "5.17"]
[White "Lamorelle, Julien"]
[Black "Pischikov, Vadim"]
[Result "0-1"]
[WhiteElo "2376"]
[BlackElo "2162"]
[PlyCount "64"]
[EventDate "2016.08.17"]
[EventType "swiss"]
[EventCountry "RUS"]

1. d4 c5 2. d5 e5 3. c4 d6 4. e4 Be7 5. Nf3 Bg4 6. Nc3 a6 7. Qb3 Nd7 8. Be2 Rb8
9. Ng1 Bxe2 10. Ngxe2 Bg5 11. O-O Bxc1 12. Raxc1 Nh6 13. Ng3 O-O 14. Qc2 b5 15.
cxb5 axb5 16. a4 bxa4 17. Ra1 Rb4 18. Rxa4 Qb8 19. Rxb4 cxb4 20. Nce2 Nc5 21.
Ra1 Qb6 22. h3 Qb7 23. Qc4 f5 24. exf5 Nxf5 25. Nxf5 Rxf5 26. Ra5 Rf8 27. f3
Nb3 28. Ra6 Nd2 29. Qd3 e4 30. fxe4 Rf1+ 31. Kh2 Rd1 32. Qc2 Nf1+ 0-1

[Event "Petersburg Summer 2016"]
[Site "St Petersburg"]
[Date "2016.08.21"]
[Round "5.18"]
[White "Afanasiev, Nikita"]
[Black "Puraev, Artemiy"]
[Result "0-1"]
[WhiteElo "2349"]
[BlackElo "2179"]
[PlyCount "122"]
[EventDate "2016.08.17"]
[EventType "swiss"]
[EventCountry "RUS"]

1. d4 d5 2. Bg5 Nf6 3. Nd2 c5 4. e3 Nc6 5. c3 cxd4 6. exd4 Bf5 7. Ngf3 e6 8.
Ne5 Qb6 9. Qb3 Qxb3 10. axb3 Nxe5 11. dxe5 Nd7 12. Bb5 Bc5 13. Ke2 h6 14. Be3
Bxe3 15. Kxe3 Ke7 16. Bxd7 Kxd7 17. Kd4 f6 18. b4 Rhc8 19. Rhe1 a6 20. Ra5 Rab8
21. Re3 Ke7 22. Re1 Rc6 23. Rc5 Rbc8 24. Nb3 b6 25. Rxc6 Rxc6 26. exf6+ gxf6
27. Ke3 e5 28. Ra1 Bc8 29. Nd2 Rc7 30. f4 Ke6 31. g3 Bb7 32. Rf1 Rc8 33. Rf2
Rd8 34. Nb3 Bc6 35. Re2 Ba4 36. Nc1 d4+ 37. cxd4 Rxd4 38. fxe5 fxe5 39. Na2 Bb3
40. Nc3 Rxb4 41. Rd2 Bc4 42. g4 Bb5 43. Ne4 Rb3+ 44. Kf2 Rd3 45. Rxd3 Bxd3 46.
Nc3 a5 47. Ke3 Bc4 48. h4 b5 49. Ne4 Bd5 50. Nc5+ Kd6 51. Nd3 Be6 52. g5 hxg5
53. hxg5 Bf5 54. Nc1 Bb1 55. Nb3 a4 56. Nd2 Bh7 57. Nf3 b4 58. Kd2 Kd5 59. Nh4
Be4 60. g6 Ke6 61. Ke3 a3 0-1

[Event "Petersburg Summer 2016"]
[Site "St Petersburg"]
[Date "2016.08.21"]
[Round "5.19"]
[White "Abramov, Nikita"]
[Black "Nasybullina, Alfia"]
[Result "1-0"]
[WhiteElo "2276"]
[BlackElo "2141"]
[PlyCount "47"]
[EventDate "2016.08.17"]
[EventType "swiss"]
[EventCountry "RUS"]

1. e4 e6 2. d4 d5 3. Nd2 c5 4. Ngf3 cxd4 5. Nxd4 Nf6 6. exd5 Nxd5 7. N2f3 Be7
8. Be2 O-O 9. O-O b6 10. c4 Nf6 11. Bf4 Bb7 12. Nb5 Nc6 13. h3 Ne4 14. Qb1 e5
15. Qxe4 exf4 16. Qxf4 Bf6 17. Rab1 Re8 18. Rfd1 Qe7 19. Bd3 Ne5 20. Be4 Ng6
21. Bxg6 hxg6 22. Nd6 Qc7 23. Qg4 Bc8 24. Nxe8 1-0

[Event "Petersburg Summer 2016"]
[Site "St Petersburg"]
[Date "2016.08.21"]
[Round "5.20"]
[White "Mestnikov, Aisen"]
[Black "Kuzmin, Yuriy"]
[Result "0-1"]
[WhiteElo "2126"]
[BlackElo "2275"]
[PlyCount "68"]
[EventDate "2016.08.17"]
[EventType "swiss"]
[EventCountry "RUS"]

1. d4 d5 2. c4 c6 3. Nf3 Nf6 4. Nc3 dxc4 5. g3 g6 6. Bg2 Bg7 7. O-O O-O 8. e3
Bg4 9. Qe2 e5 10. Qxc4 Bxf3 11. Bxf3 exd4 12. Rd1 d3 13. e4 Nbd7 14. Bf4 Qa5
15. b4 Ne5 16. bxa5 Nxc4 17. a6 bxa6 18. Rxd3 Nh5 19. Rb1 Nxf4 20. gxf4 Rfd8
21. Rbd1 Rxd3 22. Rxd3 Nb2 23. Re3 Bd4 24. e5 Bxe3 25. fxe3 Rd8 26. Bxc6 Kg7
27. Ne2 Nd1 28. e4 Rd2 29. Kf1 Rxa2 30. Bd5 Ra1 31. Kg2 a5 32. Nd4 a4 33. Kf3
Nc3 34. f5 gxf5 0-1

[Event "Petersburg Summer 2016"]
[Site "St Petersburg"]
[Date "2016.08.21"]
[Round "5.21"]
[White "Kuzmin, Egor"]
[Black "Svidinsky, Dmitry"]
[Result "1-0"]
[WhiteElo "2266"]
[BlackElo "2122"]
[PlyCount "149"]
[EventDate "2016.08.17"]
[EventType "swiss"]
[EventCountry "RUS"]

1. c4 e6 2. d4 d5 3. Nc3 Be7 4. Bf4 Nf6 5. Nf3 O-O 6. e3 c5 7. dxc5 Bxc5 8.
cxd5 Nxd5 9. Nxd5 exd5 10. a3 Nc6 11. Bd3 Qe7 12. O-O Bb6 13. b4 a6 14. Re1 h6
15. Bc2 Be6 16. Qd3 f5 17. Bb3 Qf7 18. Rad1 Rad8 19. Nd4 Nxd4 20. exd4 g5 21.
Be5 f4 22. f3 Bf5 23. Qd2 Rfe8 24. Kh1 Kh7 25. Qa2 Be6 26. Rc1 Qd7 27. Ba4 Qf7
28. Bxe8 Rxe8 29. Qd2 Kg8 30. Rc3 Bf5 31. Rec1 Be6 32. a4 Bd8 33. Rb3 Bd7 34.
b5 axb5 35. axb5 Bb6 36. Qb4 Qe7 37. Qxe7 Rxe7 38. h3 Re8 39. Ra3 Kf7 40. Ra4
Kg6 41. Bd6 Re2 42. Bc5 Bxb5 43. Rb4 Bxc5 44. Rxb5 Bxd4 45. Rxd5 Be3 46. Rd6+
Kh5 47. Rb1 b5 48. h4 Bf2 49. hxg5 hxg5 50. Kh2 b4 51. Rdd1 Bc5 52. Rd5 Bf2 53.
Rb5 Be1 54. Kh3 Re6 55. Rd1 Bc3 56. Rdd5 Rg6 57. Rf5 Bd2 58. Rf7 Rh6 59. Rg7
Rg6 60. Rh7+ Rh6 61. Rxh6+ Kxh6 62. Kg4 Kg6 63. Rb6+ Kf7 64. Kxg5 Ke7 65. Kf5
Kd7 66. Ke4 Kc7 67. Rb5 Kc6 68. Rd5 Bc1 69. Kd4 Bb2+ 70. Kc4 Bc3 71. Rf5 Bd2
72. Re5 Kb6 73. Re2 Bc3 74. Re4 Bd2 75. Kd3 1-0

[Event "Petersburg Summer 2016"]
[Site "St Petersburg"]
[Date "2016.08.21"]
[Round "5.22"]
[White "Emdin, Mark"]
[Black "Remizov, Yaroslav"]
[Result "0-1"]
[WhiteElo "2247"]
[BlackElo "2104"]
[PlyCount "42"]
[EventDate "2016.08.17"]
[EventType "swiss"]
[EventCountry "RUS"]

1. e4 d6 2. d4 Nf6 3. Nc3 Nbd7 4. f4 e5 5. Nf3 exd4 6. Qxd4 c6 7. a4 d5 8. exd5
Bc5 9. Qd3 O-O 10. Be2 Re8 11. Nd4 Nxd5 12. Nxd5 cxd5 13. c3 Bxd4 14. cxd4 Qh4+
15. g3 Qh3 16. Bd2 Nf6 17. O-O-O Bf5 18. Bf1 Qh5 19. Qb3 Rac8+ 20. Bc3 Qf3 21.
Bb5 Re3 0-1